[Event "Hampstead op U2200 11-A"]
[Site "Hampstead"]
[Date "2013.11.23"]
[Round "3"]
[White "Ivanov, Elizabeth"]
[Black "Prior, Stephen"]
[Result "0-1"]
[WhiteElo "1618"]
[BlackElo "2019"]
[PlyCount "52"]
[EventDate "2013.11.23"]
[EventType "swiss"]
[EventRounds "5"]
[EventCountry "ENG"]
[SourceTitle "EXT 2015"]
[Source "ChessBase"]
[SourceDate "2014.11.20"]
[SourceVersion "1"]
[SourceVersionDate "2014.11.20"]
[SourceQuality "1"]

1. e4 g6 2. d4 Bg7 3. c3 d6 4. Bd3 Nf6 5. f3 Nc6 6. Ne2 e5 7. d5 Ne7 8. Be3 0-0 9. Qd2 Ne8 10. Bh6 f5 11. Bxg7 Kxg7 12. exf5 Bxf5 13. Bxf5 Nxf5 14. Na3 Nh4 15. 0-0-0 Nxg2 16. Rhg1 Nh4 17. Qe3 Rxf3 18. Qe4 Rf7 19. Ng3 Qg5+ 20. Kb1 Nf6 21. Qd3 Raf8 22. Rdf1 h6 23. Qc4 Kh8 24. Nb5 a6 25. Na3 e4 26. Qd4 Nf3 0-1